Marketingový manažment strategický prístup k tvorbe hodnoty pre zákazníka

Bibliographic Details
Main Authors: Hanuláková, Eva, 1964- (Author), Oreský, Milan, 1956- (Author)
Other Authors: Karlíček, Miroslav, 1979- (Reviewer), Hámorník, Ján (Reviewer), Macko, Adrián (Bookjacket designer)
Format: Book
Language:Slovak
Published: Bratislava Grada Slovakia, s.r.o. - Grada 2025
Edition:Vydanie 1.
Subjects:

MARC

LEADER 00000cam a2200000 4500
001 vtls012284204
003 SK-MaSNL
005 20260310142057.0
008 250924s2025 xo oal f np 000 0 slo
015 |a SNBA2026/03 
020 |a 9788083051133  |q (brožované) 
020 |a 9788083051140  |q (pdf) 
020 |a 9788083051157  |q (ePub) 
040 |a SNK  |b slo  |c SNK  |e rda 
041 0 |a slo 
044 |a xo  |c SK 
072 7 |a 658  |x Riadenie a správa podniku  |2 konspekt 
072 7 |a 37.016  |x Učebné osnovy. Vyučovacie predmety. Učebnice  |2 konspekt 
080 |a 658.8:005  |2 2011 
080 |a 004.8  |2 2011 
080 |a (075.8)  |2 2011 
100 1 |a Hanuláková, Eva,  |d 1964-  |4 aut  |9 101583 
245 1 0 |a Marketingový manažment  |b strategický prístup k tvorbe hodnoty pre zákazníka  |c Eva Hanuláková, Milan Oreský 
246 3 0 |a Strategický prístup k tvorbe hodnoty pre zákazníka 
250 |a Vydanie 1. 
264 1 |a Bratislava  |b Grada Slovakia, s.r.o. - Grada  |c 2025 
300 |a 303 strán  |b fotografie, grafy, schémy, tabuľky  |c 24 cm 
336 |a text  |b txt  |2 rdacontent 
337 |a bez média  |b n  |2 rdamedia 
338 |a zväzok  |b nc  |2 rdacarrier 
500 |a Vydala Grada Slovakia, s.r.o. pod značkou Grada 
500 |a Obsahuje profesijné údaje o autoroch 
504 |a Obsahuje bibliografiu za jednotlivými kapitolami 
650 0 7 |a marketingový manažment  |2 SNKPH  |9 1715 
650 0 7 |a umelá inteligencia  |2 SNKPH  |9 1830 
650 0 7 |a Marketing management  |2 SNKPHeng  |9 275329 
650 0 7 |a Artificial intelligence  |2 SNKPHeng  |9 267376 
655 7 |a učebnice vysokých škôl  |2 SNKPH  |9 70191 
655 7 |a Textbooks (higher)  |2 SNKPHeng  |9 276436 
700 1 |a Oreský, Milan,  |d 1956-  |4 aut  |9 216463 
700 1 |a Karlíček, Miroslav,  |d 1979-  |4 rev  |9 135601 
700 1 |a Hámorník, Ján  |4 rev  |9 613044 
700 1 |a Macko, Adrián  |4 bjd  |9 625761 
852 |a Slovenská národná knižnica 
919 |a 978-80-8305-113-3 
919 |a 978-80-8305-114-0 
919 |a 978-80-8305-115-7 
954 |a odborná, vedecká literatúra pôvodná (slovenská)  |2 lita 
954 |a odborná, vedecká literatúra cudzojazyčná (svetová)  |2 lita 
958 |a NB 
999 |c 961069  |d 962999 
952 |t 1  |a SNK  |b SNK  |c SNK_KF  |y PREZ  |7 8  |p 17A1581862  |o snkSC 212296  |i snk2025/17639  |8 0  |0 0  |1 0  |2 udc  |4 0  |d 2025-11-04  |l 0  |r 2026-02-24 10:18:00  |w 2026-02-24 
952 |t 2  |a SNK  |b SNK  |y VYP  |7 0  |p 17A1508470  |o snkSC 212296 D1  |i snk2026/3451  |8 3  |g 18.03  |0 0  |1 0  |2 udc  |4 0  |d 2026-03-11  |l 0  |r 2026-03-11 11:56:21  |w 2026-03-11